|
|
|
|
| LEADER |
00000naa a2200000uu 4500 |
| 001 |
vtls010934738 |
| 003 |
SK-MaSNL |
| 005 |
20260302122802.0 |
| 008 |
210910|1997 xo |||||||||||||||||slo| |
| 015 |
|
|
|a SNBRA
|
| 035 |
|
|
|a (urnnbn)urn:nbn:sk:snk:ar-a0b6sk
|
| 035 |
|
|
|a (uuid)eb813b27-cd3a-419e-844a-d3a24c38775b
|
| 035 |
|
|
|a urn:nbn:sk:snk-aatz6e
|
| 040 |
|
|
|a SNKBUCL
|b slo
|c SNKBUCL
|e AACR2
|
| 041 |
0 |
|
|a slo
|
| 044 |
|
|
|a xo
|c SK
|
| 100 |
1 |
|
|a Balga, Jozef,
|d 1966-
|4 aut
|9 204505
|
| 245 |
1 |
0 |
|a LEGÁLNA A NELEGÁLNA MIGRÁCIA - OBJEKT SKÚMANIA TEÓRIÍ HRANIČNEJ A CUDZINECKEJ POLÍCIE
|c Jozef Balga, Jozef Haládik
|
| 700 |
1 |
|
|a Haládik, Jozef,
|d 1952-
|4 aut
|9 210845
|
| 773 |
0 |
|
|t Konštituovanie policajnej vedy
|d V Bratislave : Akadémia Policajného zboru, 1997
|g S. 135-141
|z 808054039X
|
| 958 |
|
|
|a OND
|
| 958 |
|
|
|a article11
|
| 958 |
|
|
|a chapter
|
| 999 |
|
|
|c 1279739
|d 1281669
|